| 000 | 00873nam a2200289 a 4500 | ||
|---|---|---|---|
| 005 | 20180803164840.0 | ||
| 008 | 140224b1998 ck ||||| |||| 00| 0 spa d | ||
| 040 |
_aCO-BoIAVH _cCO-BoIAVH |
||
| 041 | _aspa | ||
| 044 | _ack | ||
| 090 |
_aLB _b00851 |
||
| 100 |
_aRamírez Vallejo, Jorge _99539 |
||
| 245 | _aConsecuencias ambientales del nuevo orden en el sector agropecuario colombiano | ||
| 260 |
_aBogotá _bS n. _c1998 |
||
| 300 | _a32 p. | ||
| 650 |
_aPolíticas agropecuarias _99540 |
||
| 650 |
_aHombre _93693 |
||
| 650 |
_aMedio ambiente _992195 |
||
| 650 |
_aRecursos hídricos _942453 |
||
| 650 |
_aPolítica ambiental _942454 |
||
| 650 |
_aPolítica económica _942455 |
||
| 650 |
_aPolíticas forestales _93846 |
||
| 650 |
_aTenencia de tierras _94530 |
||
| 650 |
_aImpacto ambiental _942456 |
||
| 650 |
_aModelos económicos _99008 |
||
| 942 |
_cINFORME _2z |
||
| 999 |
_c863 _d863 |
||